000
00352 a2200169 4500
001
62154
020
_a
040
_c
Anchieta - Pituba
100
_a
SOUZA, Tarsis Oliveira Vaz de
240
1
0
_a
Caderno 5
_l
por
245
1
0
_a
Caderno 5
300
_a
362
0
_a
2013
440
1
_a
Colégio Anchieta
650
4
_a
Ensino superior
942
_c
BK
999
_c
62154
_d
62154